000 00338nam a22001577a 4500
003 SGT
020 _a9789389354058
082 _a615
_bA19M
100 _aMEDHI, BIKASH
245 _aADVANCED PHARMACOLOGY
250 _a2ND
260 _aHYDRABAD
_bPHARMA MED PRESS
_c2019
300 _a643
650 _aPHARMACOLOGY
942 _2ddc
_cBK
999 _c23497
_d23497